000 00673cab a2200217 4500
001 WB3501-69
008 090401t1998 xxu||||| |||| 00| 0 eng d
035 _a(Sirsi) u90415
041 _aeng
245 _aStruggling farmers give little away
260 _c1998
350 _a0
490 _aWeekend Financial Times
_v19/20 December 1998, 19(2)
520 _aDespite the problems currently facing farmers, sales of land and farms remain steady, with some rural agents complaining that demand is outstripping supply.
650 _aFARM SALES
650 _aFARMLAND PRICES
650 _aFARMLAND
690 _aRURAL PRACTICE
942 _n0
948 _c21/12/1998
999 _c57324
_d57324